Statistics for Liverpool FC Squad 2016-2017

Click here to take the quiz!

General Stats

  • This quiz has been taken 3,720 times
    (2,849 since last reset)
  • The average score is 20 of 27

Answer Stats

NbrPostNationalityPlayer% Correct
14MFEnglandJordan Henderson
95%
1GKGermanyLoris Karius
95%
11FWBrazilRoberto Firmino
95%
19FWSenegalSadio Mane
95%
6DFCroatiaDejan Lovren
93%
10MFBrazilPhilippe Coutinho
93%
7MFEnglandJames Milner
91%
-CoachGermanyJürgen Klopp
89%
22GKBelgiumSimon Mignolet
89%
2DFEnglandNathaniel Clyne
85%
15FWEnglandDaniel Sturridge
84%
27FWBelgiumDivock Origi
84%
5MFNetherlandsGeorginio Wijnaldum
84%
32DFCameroonJoel Matip
84%
18DFSpainAlberto Moreno
83%
23MFGermanyEmre Can
82%
20MFEnglandAdam Lallana
78%
17DFEstoniaRagnar Klavan
77%
12DFEnglandJoe Gomez
73%
21MFBrazilLucas Leiva
72%
16MFSerbiaMarko Grujic
58%
28FWEnglandDanny Ings
52%
34GKHungaryAdam Bogdan
50%
13GKAustriaAlex Manninger
34%
54MFEnglandSheyi Ojo
25%
35MFEnglandKevin Stewart
22%
56DFEnglandConnor Randall
18%

Score Distribution

Percentile by Number Answered

Percent of People with Each Score

Your Score History

You have not taken this quiz since the last reset